[Event "CHN-ch U20"]
[Site "Shanghai"]
[Date "2024.02.19"]
[Round "8"]
[White "Liu, Chengxuan"]
[Black "Zhang, Fuhan"]
[Result "0-1"]
[WhiteElo "1592"]
[BlackElo "1986"]
[PlyCount "102"]
[EventDate "2024.02.16"]
[EventType "swiss"]
[EventRounds "11"]
[EventCountry "CHN"]
[SourceTitle "CB09_2024"]
[SourceDate "2024.02.28"]
[SourceVersion "1"]
[SourceVersionDate "2024.02.28"]
[SourceQuality "1"]

1. e4 c5 2. Nf3 e6 3. d4 cxd4 4. Nxd4 Nc6 5. Nc3 Qc7 6. Be3 a6 7. Be2 Nf6 8. 0-0 Be7 9. f4 d6 10. Bf3 0-0 11. a4 Nxd4 12. Qxd4 e5 13. fxe5 dxe5 14. Qb6 Qxb6 15. Bxb6 Be6 16. Rfd1 Rac8 17. Rac1 Rc6 18. a5 Bc5+ 19. Bxc5 Rxc5 20. Ra1 Rfc8 21. Rd6 Kf8 22. Kf2 Ke7 23. Rd2 Ne8 24. Rd3 Nd6 25. Ra4 Nb5 26. Rb4 Nxc3 27. Rxb7+ R8c7 28. Rxc7+ Rxc7 29. Rxc3 Rxc3 30. bxc3 Bc4 31. Ke3 Kd6 32. Bg4 Kc6 33. h4 Kb5 34. g3 Kxa5 35. Kd2 Kb6 36. Kc1 Bb5 37. Kb2 Bc6 38. c4 Bxe4 39. Kc3 Kc5 40. Bd7 f5 41. Be6 f4 42. g4 a5 43. Bd7 Bc6 44. Bf5 h6 45. Be6 a4 46. g5 e4 47. Kd2 e3+ 48. Kd3 a3 49. Kc3 a2 50. Kb2 a1Q+ 51. Kxa1 e2 0-1

[Event "CHN-ch U20"]
[Site "Shanghai"]
[Date "2024.02.16"]
[Round "2"]
[White "Hu, Zhening"]
[Black "Zhang, Fuhan"]
[Result "0-1"]
[WhiteElo "1641"]
[BlackElo "1986"]
[PlyCount "72"]
[EventDate "2024.02.16"]
[EventType "swiss"]
[EventRounds "11"]
[EventCountry "CHN"]
[SourceTitle "CB09_2024"]
[SourceDate "2024.02.28"]
[SourceVersion "1"]
[SourceVersionDate "2024.02.28"]
[SourceQuality "1"]

1. d4 Nf6 2. c4 g6 3. Nc3 Bg7 4. e4 d6 5. Be2 0-0 6. Bg5 c5 7. d5 h6 8. Be3 e6 9. h3 b5 10. cxb5 exd5 11. exd5 a6 12. Nf3 axb5 13. Bxb5 Ba6 14. 0-0 Bxb5 15. Nxb5 Qb6 16. a4 Na6 17. Nd2 Nxd5 18. Nc4 Qc6 19. Qf3 Nab4 20. Bd2 Nc2 21. Rac1 Nd4 22. Nxd4 Bxd4 23. Bxh6 Rfb8 24. b3 Ne7 25. Qd3 Nf5 26. Be3 Nh4 27. f3 Nf5 28. Bf2 Qa6 29. Qd1 d5 30. Nd2 Re8 31. Re1 Bxf2+ 32. Kxf2 Qb6 33. Kg1 c4+ 34. Kh1 Qf2 35. Nf1 cxb3 36. Qd2 Ng3+ 0-1

[Event "CHN-ch U20"]
[Site "Shanghai"]
[Date "2024.02.16"]
[Round "1"]
[White "Zhang, Fuhan"]
[Black "Yu, Zhenghuan"]
[Result "1-0"]
[WhiteElo "1986"]
[BlackElo "1411"]
[PlyCount "41"]
[EventDate "2024.02.16"]
[EventType "swiss"]
[EventRounds "11"]
[EventCountry "CHN"]
[SourceTitle "CB09_2024"]
[SourceDate "2024.02.28"]
[SourceVersion "1"]
[SourceVersionDate "2024.02.28"]
[SourceQuality "1"]

1. d4 Nf6 2. Nf3 g6 3. g3 Bg7 4. Bg2 0-0 5. 0-0 d6 6. c4 Bf5 7. Nc3 Ne4 8. Nh4 Nxc3 9. bxc3 Bc8 10. f4 c5 11. f5 Nc6 12. Be3 cxd4 13. cxd4 Bd7 14. Rb1 b6 15. Qd3 Rc8 16. fxg6 hxg6 17. Nxg6 fxg6 18. Qxg6 e6 19. Be4 Rf5 20. Rxf5 Qe8 21. Rf8+ 1-0

[Event "Tianjin Binhai Cup-A 3rd"]
[Site "Tianjin"]
[Date "2023.08.24"]
[Round "8"]
[White "Cheng, Zihan"]
[Black "Zhang, Fuhan"]
[Result "0-1"]
[WhiteElo "1822"]
[BlackElo "2099"]
[PlyCount "84"]
[EventDate "2023.08.20"]
[EventType "swiss"]
[EventRounds "9"]
[EventCountry "CHN"]
[SourceTitle "CBM 215 Extra"]
[Source "ChessBase"]
[SourceDate "2023.09.30"]
[SourceVersion "1"]
[SourceVersionDate "2023.09.30"]
[SourceQuality "1"]

1. e4 c5 2. g3 g6 3. Bg2 Bg7 4. Ne2 Nf6 5. c3 0-0 6. d4 d6 7. 0-0 e5 8. a4 Nc6 9. Na3 exd4 10. cxd4 Re8 11. e5 dxe5 12. dxc5 Qa5 13. Nb5 Rd8 14. Qe1 a6 15. Qxa5 Nxa5 16. Nc7 Rb8 17. Bg5 Bg4 18. Nc3 Nb3 19. N3d5 Nxd5 20. Bxd8 Rxd8 21. Nxd5 Nxa1 22. Rxa1 e4 23. Bxe4 Re8 24. Bg2 Bxb2 25. Rb1 Bd4 26. Ne3 Bc8 27. Bxb7 Bxb7 28. Rxb7 Bxc5 29. Nc4 Re2 30. Rc7 Bxf2+ 31. Kf1 Rc2 32. Rc8+ Kg7 33. g4 Kf6 34. Rc6+ Kg5 35. Kg2 Bc5+ 36. Kg3 Rc3+ 37. Kg2 Rxc4 38. Rxa6 Kxg4 39. h3+ Kh4 40. a5 Rc2+ 41. Kf3 f5 42. Kf4 Bd4 0-1

[Event "Tianjin Binhai Cup-A 3rd"]
[Site "Tianjin"]
[Date "2023.08.20"]
[Round "2"]
[White "Hu, Zehua"]
[Black "Zhang, Fuhan"]
[Result "1-0"]
[WhiteElo "1965"]
[BlackElo "2099"]
[PlyCount "65"]
[EventDate "2023.08.20"]
[EventType "swiss"]
[EventRounds "9"]
[EventCountry "CHN"]
[SourceTitle "CBM 215 Extra"]
[Source "ChessBase"]
[SourceDate "2023.09.30"]
[SourceVersion "1"]
[SourceVersionDate "2023.09.30"]
[SourceQuality "1"]

1. Nf3 Nf6 2. c4 g6 3. g3 Bg7 4. Bg2 0-0 5. 0-0 c6 6. d4 d5 7. cxd5 cxd5 8. Ne5 Ng4 9. Nxg4 Bxg4 10. Nc3 Nc6 11. h3 Be6 12. e4 Nxd4 13. exd5 Bf5 14. Bf4 Qb6 15. Be3 Rac8 16. g4 Qxb2 17. Bxd4 Bc2 18. Rb1 Bxd4 19. Rxb2 Bxd1 20. Rxd1 Bxc3 21. Rxb7 Bf6 22. Rxa7 Rc2 23. d6 Bh4 24. dxe7 Bxf2+ 25. Kf1 Bxa7 26. Rd8 Rxd8 27. exd8Q+ Kg7 28. Qd5 Rc5 29. Qd4+ Kg8 30. Qd8+ Kg7 31. Bd5 Rc2 32. Ke1 Bd4 33. Qd7 1-0

[Event "CHN-ch sf"]
[Site "Hefei"]
[Date "2023.04.27"]
[Round "10"]
[White "Guo, Xinyu"]
[Black "Zhang, Fuhan"]
[Result "0-1"]
[WhiteElo "1692"]
[BlackElo "2160"]
[PlyCount "74"]
[EventDate "2023.04.23"]
[EventType "swiss"]
[EventRounds "11"]
[EventCountry "CHN"]
[SourceTitle "CBM 214 Extra"]
[Source "ChessBase"]
[SourceDate "2023.07.31"]
[SourceVersion "1"]
[SourceVersionDate "2023.07.31"]
[SourceQuality "1"]

1. e4 c5 2. Nf3 e6 3. d4 cxd4 4. Nxd4 Nc6 5. Nc3 Qc7 6. Qd3 Nf6 7. Ndb5 Qb8 8. Qg3 d6 9. Be3 a6 10. Nd4 h5 11. f3 Bd7 12. 0-0-0 b5 13. Nxc6 Bxc6 14. Bf4 h4 15. Qe1 Nd7 16. Bg5 h3 17. g4 b4 18. Ne2 Ne5 19. Nd4 Bd7 20. Rg1 Be7 21. Bxe7 Kxe7 22. Rg3 g5 23. Qd2 f6 24. f4 gxf4 25. Qxf4 Qf8 26. Qd2 Qh6 27. g5 fxg5 28. Rxh3 Qf6 29. Rxh8 Rd8 30. Rg8 Rxg8 31. Qxb4 Rh8 32. Bxa6 Rxh2 33. Kb1 Qf4 34. Bb7 Qxe4 35. Nc6+ Bxc6 36. Rf1 Rf2 37. a4 Bxb7 0-1

[Event "CHN-ch sf"]
[Site "Hefei"]
[Date "2023.04.25"]
[Round "5"]
[White "Zhang, Fuhan"]
[Black "Gu, Xianghan"]
[Result "0-1"]
[WhiteElo "2160"]
[BlackElo "1798"]
[PlyCount "66"]
[EventDate "2023.04.23"]
[EventType "swiss"]
[EventRounds "11"]
[EventCountry "CHN"]
[SourceTitle "CBM 214 Extra"]
[Source "ChessBase"]
[SourceDate "2023.07.31"]
[SourceVersion "1"]
[SourceVersionDate "2023.07.31"]
[SourceQuality "1"]

1. Nf3 Nf6 2. g3 b5 3. e3 c6 4. Bg2 e6 5. 0-0 Bb7 6. b3 Be7 7. c4 b4 8. Bb2 0-0 9. d3 c5 10. Nbd2 d6 11. Qe2 a5 12. d4 Nbd7 13. e4 cxd4 14. Nxd4 Qb6 15. Nc2 Rfd8 16. Bd4 Nc5 17. Rfb1 Nfd7 18. a3 bxa3 19. Rxa3 Bf6 20. Be3 Bc3 21. Nd4 Nf6 22. f3 Ba6 23. Ra2 d5 24. e5 Nfd7 25. f4 Rac8 26. N2f3 dxc4 27. b4 axb4 28. Rc2 Bxd4 29. Bxd4 c3 30. Qe3 Bd3 31. Ne1 Bxc2 32. Nxc2 b3 33. Na1 c2 0-1

[Event "CHN-ch sf"]
[Site "Hefei"]
[Date "2023.04.24"]
[Round "3"]
[White "Zhou, Yuxu"]
[Black "Zhang, Fuhan"]
[Result "0-1"]
[WhiteElo "1252"]
[BlackElo "2160"]
[PlyCount "65"]
[EventDate "2023.04.23"]
[EventType "swiss"]
[EventRounds "11"]
[EventCountry "CHN"]
[SourceTitle "CBM 214 Extra"]
[Source "ChessBase"]
[SourceDate "2023.07.31"]
[SourceVersion "1"]
[SourceVersionDate "2023.07.31"]
[SourceQuality "1"]

1. d4 Nf6 2. c4 g6 3. Nc3 Bg7 4. e4 d6 5. Be2 0-0 6. Bg5 c5 7. d5 b5 8. cxb5 a6 9. bxa6 Bxa6 10. Nf3 Qb6 11. Qc2 Bxe2 12. Qxe2 h6 13. Bxf6 Bxf6 14. 0-0 Nd7 15. Rab1 Rfb8 16. Qc2 Qa5 17. h3 Bxc3 18. bxc3 Rxb1 19. Rxb1 Qxa2 20. Qxa2 Rxa2 21. Rb7 Nf6 22. Rxe7 Kf8 23. Rc7 Nxe4 24. Rc6 Ke7 25. Rc7+ Kf6 26. Rd7 Rxf2 27. Rxd6+ Nxd6 28. Kxf2 Ne4+ 29. Ke3 Nxc3 30. d6 Ke6 31. Ne5 Nd5+ 32. Kf3 Nf6 33. Nc4 0-1

[Event "China zt 3.5"]
[Site "Daqing"]
[Date "2018.08.18"]
[Round "9"]
[White "Zhu, Jiner"]
[Black "Zhang, Fuhan"]
[Result "1-0"]
[WhiteElo "2340"]
[BlackElo "2248"]
[PlyCount "69"]
[EventDate "2018.08.13"]
[EventType "swiss"]
[EventRounds "11"]
[EventCountry "CHN"]
[SourceTitle "CBM 186 Extra"]
[Source "ChessBase"]
[SourceDate "2018.08.24"]
[SourceVersion "1"]
[SourceVersionDate "2018.08.24"]
[SourceQuality "1"]

1. e4 e5 2. Nf3 Nf6 3. Nxe5 d6 4. Nf3 Nxe4 5. d4 d5 6. Bd3 Nc6 7. 0-0 Be7 8. Re1 Bf5 9. c4 Nb4 10. Bf1 Nf6 11. Qa4+ Nc6 12. Nc3 0-0 13. Bg5 Ne4 14. Bxe7 Nxe7 15. cxd5 Nxc3 16. bxc3 Nxd5 17. Qb3 Nb6 18. c4 Bg4 19. c5 Bxf3 20. Qxf3 Nd5 21. Bc4 Nf6 22. Rad1 c6 23. g4 h6 24. h4 Nd7 25. Qg3 Re8 26. g5 hxg5 27. hxg5 g6 28. Qf4 Re7 29. Kg2 Qf8 30. Qd6 Rxe1 31. Qxg6+ Kh8 32. Qh5+ Kg8 33. Rxe1 Qg7 34. Re7 Nf6 35. Qxf7+ 1-0

[Event "China zt 3.5"]
[Site "Daqing"]
[Date "2018.08.17"]
[Round "7"]
[White "Peng, Shunkai"]
[Black "Zhang, Fuhan"]
[Result "1/2-1/2"]
[WhiteElo "2388"]
[BlackElo "2248"]
[PlyCount "85"]
[EventDate "2018.08.13"]
[EventType "swiss"]
[EventRounds "11"]
[EventCountry "CHN"]
[SourceTitle "CBM 186 Extra"]
[Source "ChessBase"]
[SourceDate "2018.08.24"]
[SourceVersion "1"]
[SourceVersionDate "2018.08.24"]
[SourceQuality "1"]

1. e4 e5 2. Nf3 Nf6 3. Nxe5 d6 4. Nf3 Nxe4 5. d4 d5 6. Bd3 Nc6 7. 0-0 Be7 8. Re1 Bf5 9. Nbd2 Nxd2 10. Qxd2 Bxd3 11. Qxd3 Qd7 12. Bg5 0-0 13. Re2 Rae8 14. c3 Bd6 15. Rae1 f6 16. Bc1 Rxe2 17. Qxe2 Ne7 18. g3 Ng6 19. h4 Qg4 20. Kg2 Rb8 21. h5 Nf8 22. h6 g6 23. c4 Bb4 24. Bd2 Bxd2 25. Qxd2 g5 26. Qa5 Qd7 27. Qxa7 Rd8 28. Qxb7 dxc4 29. Qb4 Qc6 30. Qe7 Rd7 31. Qe4 Qxe4 32. Rxe4 Kf7 33. d5 c3 34. b4 Rxd5 35. Rc4 Ne6 36. Rxc3 Rd1 37. a4 Ra1 38. a5 Ra4 39. Rb3 c5 40. bxc5 Rxa5 41. c6 Rc5 42. Rb6 Rc3 43. Nd2 1/2-1/2

[Event "China zt 3.5"]
[Site "Daqing"]
[Date "2018.08.17"]
[Round "8"]
[White "Zhang, Fuhan"]
[Black "Chen, Kailin"]
[Result "1-0"]
[WhiteElo "2248"]
[BlackElo "1915"]
[PlyCount "69"]
[EventDate "2018.08.13"]
[EventType "swiss"]
[EventRounds "11"]
[EventCountry "CHN"]
[SourceTitle "CBM 186 Extra"]
[Source "ChessBase"]
[SourceDate "2018.08.24"]
[SourceVersion "1"]
[SourceVersionDate "2018.08.24"]
[SourceQuality "1"]

1. d4 Nf6 2. Nf3 g6 3. g3 Bg7 4. Bg2 0-0 5. 0-0 d6 6. Re1 Nbd7 7. c4 e5 8. Nc3 c6 9. dxe5 dxe5 10. Qc2 Qc7 11. b3 Re8 12. Ng5 h6 13. Nge4 Nxe4 14. Nxe4 f5 15. Nc3 e4 16. Be3 g5 17. Rad1 Nf8 18. Bc5 Ne6 19. Bd6 Qf7 20. e3 Qf6 21. Ne2 Nd8 22. Bb4 Nf7 23. g4 Ne5 24. Bc3 fxg4 25. Bxe4 Nf3+ 26. Bxf3 Qxf3 27. Ng3 Bxc3 28. Qxc3 Rf8 29. Re2 Bf5 30. Rd6 Bh7 31. Nh5 Rf7 32. Nf6+ Rxf6 33. Qxf6 Qxe2 34. Qe6+ Kf8 35. Rd7 1-0

[Event "China zt 3.5"]
[Site "Daqing"]
[Date "2018.08.13"]
[Round "1"]
[White "Zhang, Fuhan"]
[Black "Xu, Yinglun"]
[Result "0-1"]
[WhiteElo "2248"]
[BlackElo "2541"]
[PlyCount "66"]
[EventDate "2018.08.13"]
[EventType "swiss"]
[EventRounds "11"]
[EventCountry "CHN"]
[SourceTitle "CBM 186 Extra"]
[Source "ChessBase"]
[SourceDate "2018.08.24"]
[SourceVersion "1"]
[SourceVersionDate "2018.08.24"]
[SourceQuality "1"]

1. Nf3 Nf6 2. c4 e6 3. g3 d5 4. d4 dxc4 5. Bg2 c6 6. 0-0 b5 7. Ne5 Bb7 8. a4 a6 9. Nc3 Nd5 10. e4 Nxc3 11. bxc3 Nd7 12. f4 Bd6 13. Qh5 0-0 14. g4 c5 15. Nxd7 Qxd7 16. Be3 cxd4 17. Bxd4 f6 18. Rad1 Qc6 19. axb5 axb5 20. Rd2 e5 21. fxe5 fxe5 22. Bxe5 g6 23. Rxf8+ Rxf8 24. Rxd6 gxh5 25. Rxc6 Bxc6 26. gxh5 Re8 27. Bd4 b4 28. cxb4 Rd8 29. Bf6 Rd1+ 30. Kf2 Rd2+ 31. Kg3 c3 32. Bf1 c2 33. Bc4+ Bd5 0-1

[Event "RUS-CHN Junior rapid"]
[Site "Belokurikha"]
[Date "2018.07.16"]
[Round "8.4"]
[White "Zhang, Fuhan"]
[Black "Grachev, Alexey1111"]
[Result "1-0"]
[WhiteElo "2248"]
[BlackElo "2277"]
[PlyCount "63"]
[EventDate "2018.07.15"]
[EventType "schev (rapid)"]
[EventRounds "8"]
[EventCountry "RUS"]
[SourceTitle "CBM 185 Extra"]
[Source "ChessBase"]
[SourceDate "2018.07.29"]
[SourceVersion "1"]
[SourceVersionDate "2018.07.29"]
[SourceQuality "1"]
[WhiteTeam "China"]
[BlackTeam "Russia"]
[WhiteTeamCountry "CHN"]
[BlackTeamCountry "RUS"]

1. e4 c5 2. Nf3 d6 3. Nc3 Nf6 4. d4 cxd4 5. Nxd4 Nc6 6. Bc4 e6 7. Be3 a6 8. Qe2 Na5 9. Bd3 b5 10. a4 b4 11. Na2 d5 12. e5 Nd7 13. Nxe6 fxe6 14. Qh5+ Ke7 15. Bg5+ Nf6 16. exf6+ gxf6 17. Bxf6+ Kxf6 18. Qh4+ Kg7 19. Qxd8 b3 20. Qxa5 bxa2 21. Qc7+ Kf6 22. 0-0 Bb4 23. Qf4+ Ke7 24. Qxb4+ Kf6 25. Qc3+ e5 26. f4 d4 27. fxe5+ Kxe5 28. Rae1+ Kd6 29. Rf6+ Kd7 30. Qc6+ Kd8 31. Rd6+ Bd7 32. Qxd7# 1-0

[Event "RUS-CHN Junior rapid"]
[Site "Belokurikha"]
[Date "2018.07.15"]
[Round "2.2"]
[White "Zhang, Fuhan"]
[Black "Pogosyan, Stefan"]
[Result "0-1"]
[WhiteElo "2248"]
[BlackElo "2356"]
[PlyCount "104"]
[EventDate "2018.07.15"]
[EventType "schev (rapid)"]
[EventRounds "8"]
[EventCountry "RUS"]
[SourceTitle "CBM 185 Extra"]
[Source "ChessBase"]
[SourceDate "2018.07.29"]
[SourceVersion "1"]
[SourceVersionDate "2018.07.29"]
[SourceQuality "1"]
[WhiteTeam "China"]
[BlackTeam "Russia"]
[WhiteTeamCountry "CHN"]
[BlackTeamCountry "RUS"]

1. Nf3 Nf6 2. c4 d6 3. g3 g6 4. Bg2 Bg7 5. 0-0 0-0 6. Nc3 Nc6 7. d4 Bf5 8. b3 Ne4 9. Bb2 a6 10. Rc1 Nxc3 11. Bxc3 Be4 12. d5 Bxc3 13. Rxc3 Bxf3 14. exf3 Ne5 15. f4 Nd7 16. Re1 b5 17. Rce3 Re8 18. Qe2 bxc4 19. bxc4 Kf8 20. Qb2 Kg8 21. Bh3 Nc5 22. f5 Qd7 23. Qe2 gxf5 24. Rxe7 Rxe7 25. Qxe7 Qxe7 26. Rxe7 Ra7 27. Bxf5 Kf8 28. Re2 h6 29. h4 Rb7 30. Kg2 Rb4 31. Rc2 Kg7 32. Kf3 Kf6 33. Kf4 Na4 34. Bd3 Nc5 35. Be2 a5 36. g4 a4 37. g5+ hxg5+ 38. hxg5+ Kg6 39. Kg4 f5+ 40. Kf4 a3 41. Bd1 Rb1 42. Rd2 Ne4 43. Bc2 Nxd2 44. Bxf5+ Kg7 45. Bxb1 Nxb1 46. Kf5 Nc3 47. f4 Nxa2 48. Ke6 Nc3 49. f5 Ne4 50. c5 Nxg5+ 51. Ke7 dxc5 52. f6+ Kg6 0-1

[Event "Longtou Cup 1st"]
[Site "Qinhuangdao"]
[Date "2018.06.03"]
[Round "8"]
[White "Liu, Guanchu"]
[Black "Zhang, Fuhan"]
[Result "0-1"]
[WhiteElo "2459"]
[BlackElo "2195"]
[PlyCount "130"]
[EventDate "2018.05.26"]
[EventType "swiss"]
[EventRounds "9"]
[EventCountry "CHN"]
[SourceTitle "CBM 184 Extra"]
[Source "ChessBase"]
[SourceDate "2018.06.28"]
[SourceVersion "1"]
[SourceVersionDate "2018.06.28"]
[SourceQuality "1"]

1. e4 c5 2. Nf3 Nc6 3. Nc3 e6 4. d4 cxd4 5. Nxd4 Qc7 6. Be3 a6 7. Qd2 Nf6 8. 0-0-0 Bb4 9. f3 Ne7 10. Nde2 b5 11. Bf4 e5 12. Bg5 h5 13. h4 Bb7 14. Kb1 Ba5 15. Qd3 0-0-0 16. Bxf6 gxf6 17. Nd5 Nxd5 18. exd5 Rdg8 19. Rh3 Qc4 20. Qxc4+ bxc4 21. Ng3 c3 22. a3 cxb2 23. Nf5 Kc7 24. f4 d6 25. Rb3 Rb8 26. Kxb2 Bb6 27. Ka2 Bc5 28. Ng3 Bd4 29. Bc4 Rhg8 30. Nf5 Bc5 31. g3 Bc8 32. Ne7 Rxb3 33. cxb3 Rxg3 34. Nxc8 Rg2+ 35. Kb1 Kxc8 36. Bxa6+ Kd8 37. b4 Bd4 38. Bc4 Rf2 39. Rf1 Rb2+ 40. Kc1 Ke7 41. b5 Rh2 42. a4 Bb6 43. Kb1 Rxh4 44. Kc2 Rxf4 45. Rxf4 exf4 46. Kc3 Ba5+ 47. Kd3 f5 48. Ke2 Kf6 49. Kf3 Ke5 50. Bf1 Bc7 51. Bg2 h4 52. Ke2 Bd8 53. Kf2 Bc7 54. Ke2 f3+ 55. Bxf3 Kf4 56. Bh1 Bb6 57. Kf1 Kg3 58. Ke2 h3 59. Kf1 f4 60. Ke2 f5 61. Bf3 Bc7 62. Bh5 Kg2 63. Bf3+ Kg1 64. Ke1 h2 65. Ke2 Ba5 0-1

[Event "Sanya Hainan op-A"]
[Site "Sanya"]
[Date "2017.12.21"]
[Round "5"]
[White "Ning, Kaiyu"]
[Black "Zhang, Fuhan"]
[Result "1-0"]
[WhiteElo "2169"]
[BlackElo "2265"]
[PlyCount "67"]
[EventDate "2017.12.17"]
[EventType "swiss"]
[EventRounds "9"]
[EventCountry "CHN"]
[SourceTitle "CBM 182 Extra"]
[Source "ChessBase"]
[SourceDate "2018.02.23"]
[SourceVersion "1"]
[SourceVersionDate "2018.02.23"]
[SourceQuality "1"]

1. d4 Nf6 2. Bf4 g6 3. Nc3 d5 4. e3 Bg7 5. h4 h5 6. Nf3 0-0 7. Ne5 c5 8. dxc5 Qa5 9. Qd2 Qxc5 10. Na4 Qd6 11. Nxg6 Qd8 12. Nxf8 Ne4 13. Qb4 Nc6 14. Qb3 Na5 15. Qb5 e5 16. Bg5 f6 17. Ng6 Nc6 18. Bd3 Bf5 19. Nf4 fxg5 20. Qxd5+ Qxd5 21. Nxd5 Rf8 22. 0-0 gxh4 23. Nac3 Ng5 24. Bxf5 Rxf5 25. f4 exf4 26. Rxf4 Re5 27. Rxh4 b5 28. Rd1 a6 29. Rf4 Bf8 30. Nf6+ Kh8 31. Nd7 Bc5 32. Nxe5 Nxe5 33. Nd5 Nc4 34. Rh4 1-0

[Event "Sanya Hainan op-A"]
[Site "Sanya"]
[Date "2017.12.17"]
[Round "1"]
[White "Xu, Yinglun"]
[Black "Zhang, Fuhan"]
[Result "1-0"]
[WhiteElo "2539"]
[BlackElo "2265"]
[PlyCount "91"]
[EventDate "2017.12.17"]
[EventType "swiss"]
[EventRounds "9"]
[EventCountry "CHN"]
[SourceTitle "CBM 182 Extra"]
[Source "ChessBase"]
[SourceDate "2018.02.23"]
[SourceVersion "1"]
[SourceVersionDate "2018.02.23"]
[SourceQuality "1"]

1. d4 Nf6 2. c4 g6 3. Nc3 d5 4. cxd5 Nxd5 5. e4 Nxc3 6. bxc3 Bg7 7. Be3 0-0 8. Nf3 c5 9. Be2 Nc6 10. 0-0 Qc7 11. d5 Na5 12. Rc1 b6 13. c4 Rd8 14. Bg5 Bg4 15. Nd2 Bxe2 16. Qxe2 Qd7 17. f4 Nc6 18. Kh1 Nd4 19. Qf2 f6 20. Bh4 Rf8 21. Nb3 Nxb3 22. axb3 e5 23. fxe5 fxe5 24. Qe2 Rxf1+ 25. Rxf1 Rf8 26. Ra1 Rf7 27. Bg3 h5 28. h3 a5 29. Kg1 Kf8 30. Qd2 Qd6 31. Rf1 Rxf1+ 32. Kxf1 Ke7 33. Qg5+ Kf7 34. Bh4 Ke8 35. Ke2 Bf8 36. Kd1 Bg7 37. Kc2 Bf8 38. Qf6 Qxf6 39. Bxf6 Bd6 40. Kb2 Kd7 41. Ka3 b5 42. cxb5 c4+ 43. Kb2 Kc7 44. bxc4 Kb6 45. Bd8+ Kc5 46. Kc3 1-0

[Event "Novi Sad Fontana 13"]
[Site "Novi Sad"]
[Date "2017.11.23"]
[Round "7"]
[White "Citra, Dewi Ardhiani Anast"]
[Black "Zhang, Fuhan"]
[Result "1/2-1/2"]
[WhiteElo "2256"]
[BlackElo "2005"]
[PlyCount "122"]
[EventDate "2017.11.19"]
[EventType "tourn"]
[EventRounds "9"]
[EventCountry "SRB"]
[EventCategory "1"]
[SourceTitle "CBM 181 Extra"]
[Source "ChessBase"]
[SourceDate "2017.12.12"]
[SourceVersion "1"]
[SourceVersionDate "2017.12.12"]
[SourceQuality "1"]

1. Nf3 Nf6 2. g3 g6 3. Bg2 Bg7 4. d3 0-0 5. 0-0 c5 6. Nbd2 d5 7. e4 dxe4 8. dxe4 Nc6 9. c3 e5 10. Qc2 h6 11. Nc4 Qc7 12. Ne3 Rd8 13. h3 Be6 14. Nh4 Qd7 15. Rd1 Qc8 16. Rxd8+ Qxd8 17. Kh2 Rc8 18. Bd2 Rc7 19. Be1 Rd7 20. Qe2 Qb6 21. f4 exf4 22. gxf4 Qc7 23. Bf3 Nxe4 24. Neg2 Bd5 25. Nxg6 Nxc3 26. Qe8+ Kh7 27. Bg4 Rd8 28. Qe3 Bd4 29. Nf8+ Rxf8 30. Bf5+ Kh8 31. Bxc3 Rg8 32. Rg1 f6 33. Bxd4 Nxd4 34. Nh4 Rxg1 35. Kxg1 Qg7+ 36. Kf2 Nxf5 37. Nxf5 Qg2+ 38. Ke1 Qe4 39. Qxe4 Bxe4 40. Nxh6 Bg2 41. Nf7+ Kg8 42. Nd6 b6 43. h4 Kg7 44. Kf2 Bd5 45. a3 Kg6 46. f5+ Kh6 47. Kg3 Bc6 48. Kg4 b5 49. Nf7+ Kh7 50. Kf4 a5 51. Ke3 Bd5 52. Nd6 b4 53. Ne8 Ba2 54. Nxf6+ Kg7 55. Ne4 c4 56. axb4 axb4 57. Kd4 c3 58. bxc3 b3 59. f6+ Kf7 60. Ke5 b2 61. Nd2 Kg6 1/2-1/2